[Event "GRE CupT final 41st"]
[Site "Peristeri"]
[Date "2023.08.24"]
[Round "3.3"]
[White "Botsari, Anna Maria"]
[Black "Tsarsitalidis, Konstantinos"]
[Result "1/2-1/2"]
[WhiteElo "2237"]
[BlackElo "2172"]
[PlyCount "120"]
[EventDate "2023.08.23"]
[EventType "team"]
[EventRounds "5"]
[EventCountry "GRE"]
[SourceTitle "CBM 215 Extra"]
[Source "ChessBase"]
[SourceDate "2023.09.30"]
[SourceVersion "1"]
[SourceVersionDate "2023.09.30"]
[SourceQuality "1"]
[WhiteTeam "Phisiolatris"]
[BlackTeam "Sath Likos Pirgos"]
[WhiteTeamCountry "GRE"]
[BlackTeamCountry "GRE"]

1. d4 Nf6 2. c4 g6 3. Nf3 Bg7 4. e3 0-0 5. Be2 c6 6. 0-0 d5 7. Nc3 dxc4 8. Bxc4 Nbd7 9. h3 b5 10. Bd3 Qc7 11. Qc2 a6 12. a4 b4 13. Ne4 a5 14. Nxf6+ Bxf6 15. e4 e5 16. Bh6 exd4 17. Bxf8 Kxf8 18. Rfe1 c5 19. Rac1 Bb7 20. b3 Rc8 21. Qd2 Kg7 22. Bb5 Nf8 23. e5 Be7 24. Nxd4 Qd8 25. Nf3 Bxf3 26. Qxd8 Rxd8 27. gxf3 Ne6 28. Bc4 Nd4 29. Kg2 Bg5 30. Rcd1 Bf4 31. Re4 g5 32. h4 h6 33. Kh3 Re8 34. hxg5 hxg5 35. Kg4 Bxe5 36. Rdxd4 cxd4 37. Kxg5 Bf6+ 38. Kf5 Rxe4 39. fxe4 Bh4 40. f4 Kf8 41. e5 Ke7 42. Ke4 d3 43. Kxd3 f6 44. Ke4 fxe5 45. fxe5 Kd7 46. Kd5 Bf2 47. Be2 Bb6 48. Bg4+ Ke7 49. Kc6 Bd8 50. Bd7 Kf8 51. Kd6 Be7+ 52. Ke6 Bh4 53. Bb5 Bd8 54. Kd7 Bg5 55. Kc7 Be7 56. Bd7 Bg5 57. Bf5 Be7 58. Kd7 Bg5 59. Be6 Be7 60. Bd5 Bg5 1/2-1/2

[Event "GRE CupT final 41st"]
[Site "Peristeri"]
[Date "2023.08.24"]
[Round "5.3"]
[White "Botsari, Anna Maria"]
[Black "Tsarsitalidis, Konstantinos"]
[Result "1-0"]
[WhiteElo "2237"]
[BlackElo "2172"]
[PlyCount "127"]
[EventDate "2023.08.23"]
[EventType "team"]
[EventRounds "5"]
[EventCountry "GRE"]
[SourceTitle "CBM 215 Extra"]
[Source "ChessBase"]
[SourceDate "2023.09.30"]
[SourceVersion "1"]
[SourceVersionDate "2023.09.30"]
[SourceQuality "1"]
[WhiteTeam "Phisiolatris"]
[BlackTeam "Sath Likos Pirgos"]
[WhiteTeamCountry "GRE"]
[BlackTeamCountry "GRE"]

1. d4 Nf6 2. c4 g6 3. Nf3 Bg7 4. e3 0-0 5. Be2 c5 6. d5 d6 7. Nc3 e6 8. 0-0 exd5 9. cxd5 Re8 10. Nd2 Nbd7 11. h3 Rb8 12. a4 a6 13. Rb1 b5 14. axb5 axb5 15. Nxb5 Nb6 16. Nc4 Nxc4 17. Bxc4 Ra8 18. b4 cxb4 19. Rxb4 Ne4 20. Bb2 Bxb2 21. Rxb2 Bd7 22. Nd4 Qg5 23. Nf3 Qf6 24. Qd4 Qxd4 25. Nxd4 Rec8 26. Rb4 Ra4 27. Rxa4 Bxa4 28. Bd3 Nc3 29. Rc1 Bd7 30. Kf1 Nxd5 31. Rxc8+ Bxc8 32. Nb5 Nb4 33. Nxd6 Nxd3 34. Nxc8 Kf8 35. Ke2 Ne5 36. f4 Nc4 37. Kd3 Na5 38. Kd4 Nb3+ 39. Ke5 Kg7 40. Nd6 Nc5 41. Ne8+ Kf8 42. Nf6 Kg7 43. Nd5 Nd3+ 44. Ke4 Nf2+ 45. Kf3 Nd3 46. e4 Nc5 47. e5 h6 48. g4 Nd7 49. Ke3 Nf8 50. f5 gxf5 51. gxf5 Nd7 52. Kd4 Nf8 53. Nf4 Nh7 54. h4 Nf8 55. Kd5 Nd7 56. Kd6 Nb6 57. Nh5+ Kf8 58. e6 fxe6 59. Kxe6 Nc4 60. Kf6 Ne3 61. Nf4 Kg8 62. Kg6 Kf8 63. f6 Ng4 64. Ne6+ 1-0

[Event "GRE CupT final 41st"]
[Site "Peristeri"]
[Date "2023.08.23"]
[Round "2.1"]
[White "Tsarsitalidis, Konstantinos"]
[Black "Malikentzos, Sotirios"]
[Result "1-0"]
[WhiteElo "2172"]
[BlackElo "2443"]
[PlyCount "217"]
[EventDate "2023.08.23"]
[EventType "team"]
[EventRounds "5"]
[EventCountry "GRE"]
[SourceTitle "CBM 215 Extra"]
[Source "ChessBase"]
[SourceDate "2023.09.30"]
[SourceVersion "1"]
[SourceVersionDate "2023.09.30"]
[SourceQuality "1"]
[WhiteTeam "Sath Likos Pirgos"]
[BlackTeam "Evoiki ES"]
[WhiteTeamCountry "GRE"]
[BlackTeamCountry "GRE"]

1. e4 c6 2. d4 d5 3. Nd2 dxe4 4. Nxe4 Bf5 5. Ng3 Bg6 6. h4 h6 7. Bd3 Bxd3 8. Qxd3 e6 9. N1e2 Nf6 10. Bd2 Qb6 11. 0-0-0 Qa6 12. Qb3 Qb5 13. Qxb5 cxb5 14. Nc3 b4 15. Nb5 Kd7 16. d5 exd5 17. Bf4 Na6 18. f3 Kc6 19. Nd4+ Kb6 20. Ngf5 Re8 21. g4 g6 22. Nd6 Bxd6 23. Bxd6 Nd7 24. h5 Ne5 25. hxg6 fxg6 26. Rde1 Nc6 27. Ne6 Rh7 28. Nf4 Rxe1+ 29. Rxe1 Rd7 30. Re6 g5 31. Nxd5+ Kb5 32. Rxh6 Nd4 33. b3 Nxf3 34. c4+ Ka5 35. Kb2 Ne1 36. a3 Nd3+ 37. Kc2 Ne1+ 38. Kb1 Nd3 39. axb4+ Ndxb4 40. Nxb4 Nxb4 41. Rg6 a6 42. Rxg5+ b5 43. c5 Nc6 44. Kb2 b4 45. Rf5 Kb5 46. Rf2 Rg7 47. Rg2 Rg5 48. Bf4 Rg6 49. Be3 Ne5 50. g5 Nd3+ 51. Ka2 Nxc5 52. Rf2 Re6 53. Bxc5 Kxc5 54. Rg2 Rg6 55. Kb2 a5 56. Kc2 Kd4 57. Rg1 Ke4 58. Kd2 Kf5 59. Kd3 Rd6+ 60. Kc4 Kg6 61. Ra1 Rc6+ 62. Kb5 Rc3 63. Rb1 Rg3 64. Kxa5 Rg4 65. Rf1 Kxg5 66. Rf8 Re4 67. Kb5 Kg6 68. Ka4 Kg7 69. Rb8 Kf6 70. Rxb4 Re8 71. Rd4 Ke5 72. Rd7 Ra8+ 73. Kb4 Rb8+ 74. Kc3 Rc8+ 75. Kb2 Rb8 76. Rd2 Rb7 77. Rd8 Ke6 78. Rd3 Ke5 79. Rd8 Ke6 80. Rd3 Rb8 81. Kc3 Rc8+ 82. Kb4 Rb8+ 83. Kc5 Rc8+ 84. Kb6 Rb8+ 85. Kc7 Rb4 86. Kc6 Rb8 87. Re3+ Kf5 88. Kd5 Rd8+ 89. Kc4 Rc8+ 90. Kb4 Rb8+ 91. Kc3 Rc8+ 92. Kb2 Rb8 93. Re1 Kf4 94. Re7 Kf5 95. Re1 Kf4 96. Kc2 Kf5 97. Kc3 Rc8+ 98. Kd4 Rd8+ 99. Kc5 Rc8+ 100. Kd5 Rd8+ 101. Kc6 Rc8+ 102. Kb7 Rc3 103. Rb1 Ke6 104. b4 Rh3 105. b5 Rh7+ 106. Kc6 Ke7 107. b6 Rh6+ 108. Kc7 Rh2 109. b7 1-0

[Event "Thessaloniki SKG op 3rd"]
[Site "Thessaloniki"]
[Date "2023.08.12"]
[Round "9"]
[White "Colijn, Stefan"]
[Black "Tsarsitalidis, Konstantinos"]
[Result "1-0"]
[WhiteElo "2251"]
[BlackElo "2172"]
[PlyCount "61"]
[EventDate "2023.08.05"]
[EventType "swiss"]
[EventRounds "9"]
[EventCountry "GRE"]
[SourceTitle "CBM 215 Extra"]
[Source "ChessBase"]
[SourceDate "2023.09.30"]
[SourceVersion "1"]
[SourceVersionDate "2023.09.30"]
[SourceQuality "1"]

1. d4 Nf6 2. Bf4 d6 3. Nc3 Nbd7 4. e4 e5 5. Be3 Be7 6. g4 h5 7. gxh5 Rxh5 8. Be2 Rh8 9. Qd2 c6 10. a4 Qc7 11. Nf3 Nf8 12. a5 Ng4 13. Bg5 Ne6 14. Bxe7 Qxe7 15. a6 Nf4 16. Bf1 bxa6 17. dxe5 dxe5 18. 0-0-0 f6 19. Bc4 Rh3 20. Ng1 Rxc3 21. Qxc3 Nxf2 22. Ne2 Nxh1 23. Nxf4 Nf2 24. Bb3 Bd7 25. Ng6 Nxd1 26. Qc4 Be6 27. Qxc6+ Qd7 28. Qxa8+ Kf7 29. Nf8 Qd4 30. Bxe6+ Ke7 31. Qb7+ 1-0

[Event "Kavala op 32nd"]
[Site "Kavala"]
[Date "2023.07.29"]
[Round "2"]
[White "Doshi, Moksh Amitbhai"]
[Black "Tsarsitalidis, Konstantinos"]
[Result "1-0"]
[WhiteElo "2401"]
[BlackElo "2172"]
[PlyCount "71"]
[EventDate "2023.07.28"]
[EventType "swiss"]
[EventRounds "9"]
[EventCountry "GRE"]
[SourceTitle "CBM 215 Extra"]
[Source "ChessBase"]
[SourceDate "2023.09.30"]
[SourceVersion "1"]
[SourceVersionDate "2023.09.30"]
[SourceQuality "1"]

1. d4 Nf6 2. c4 g6 3. g3 Bg7 4. Bg2 d5 5. cxd5 Nxd5 6. Nf3 Nb6 7. 0-0 Nc6 8. e3 0-0 9. Nc3 Re8 10. h3 e5 11. d5 Na5 12. Qc2 e4 13. Nxe4 Qxd5 14. Nd4 Qd8 15. Bd2 Nac4 16. Bb4 Bxd4 17. Rad1 Bxb2 18. Rxd8 Rxd8 19. Be7 Bf5 20. Bxd8 Rxd8 21. Rd1 Re8 22. g4 Bxe4 23. Bxe4 Be5 24. Bxb7 Nb2 25. Rb1 N2c4 26. Bd5 Nd6 27. Bb3 Re7 28. Rd1 Bf6 29. a4 Kg7 30. Kg2 h6 31. a5 Nbc8 32. Qc6 Be5 33. Bc4 Bc3 34. Ba6 Bxa5 35. Bxc8 Nxc8 36. Qa6 1-0

[Event "Kavala op 32nd"]
[Site "Kavala"]
[Date "2023.07.28"]
[Round "1"]
[White "Tsarsitalidis, Konstantinos"]
[Black "Rahman, Ziaur"]
[Result "1-0"]
[WhiteElo "2172"]
[BlackElo "2448"]
[PlyCount "113"]
[EventDate "2023.07.28"]
[EventType "swiss"]
[EventRounds "9"]
[EventCountry "GRE"]
[SourceTitle "CBM 215 Extra"]
[Source "ChessBase"]
[SourceDate "2023.09.30"]
[SourceVersion "1"]
[SourceVersionDate "2023.09.30"]
[SourceQuality "1"]

1. e4 c5 2. Nf3 d6 3. d4 cxd4 4. Nxd4 Nf6 5. Nc3 Nc6 6. g3 Bg4 7. f3 Bd7 8. Be3 a6 9. Qd2 Nxd4 10. Bxd4 e5 11. Be3 Rc8 12. g4 Be6 13. 0-0-0 Qc7 14. g5 Nd7 15. h4 Be7 16. Bh3 b5 17. a3 Nb6 18. Bxb6 Qxb6 19. Nd5 Qc6 20. Rh2 Rb8 21. f4 Bxd5 22. exd5 Qc4 23. fxe5 0-0 24. Qb4 Qc7 25. e6 fxe6 26. Bxe6+ Kh8 27. Rg2 a5 28. Qd4 b4 29. h5 Qb6 30. Qxb6 Rxb6 31. axb4 Rxb4 32. g6 Bf6 33. c3 Rh4 34. Bg4 Be5 35. Kc2 Rf4 36. Be2 hxg6 37. hxg6 Kg8 38. Ra1 a4 39. c4 Rxc4+ 40. Bxc4 Rxc4+ 41. Kb1 Rd4 42. Ra3 Kf8 43. Rf3+ Bf6 44. Rf5 Ke7 45. Ka2 Rd3 46. Re2+ Kf8 47. Re6 Rg3 48. Rxd6 Rxg6 49. Rf4 Rg2 50. Rb6 Rd2 51. d6 Kf7 52. Re4 g5 53. Rb7+ Kg6 54. d7 Kf5 55. Rxa4 g4 56. Rb5+ Ke6 57. Rb6+ 1-0

[Event "Paleochora op 16th"]
[Site "Paleochora"]
[Date "2023.07.25"]
[Round "8"]
[White "Tsarsitalidis, Konstantinos"]
[Black "Trimitzios, Petros"]
[Result "1-0"]
[WhiteElo "2149"]
[BlackElo "2328"]
[PlyCount "131"]
[EventDate "2023.07.19"]
[EventType "swiss"]
[EventRounds "9"]
[EventCountry "GRE"]
[SourceTitle "EXT 2024"]
[Source "ChessBase"]
[SourceDate "2023.10.10"]
[SourceVersion "1"]
[SourceVersionDate "2023.10.10"]
[SourceQuality "1"]

1. e4 e6 2. d4 d5 3. Nc3 Nf6 4. Bg5 dxe4 5. Nxe4 Be7 6. Bxf6 gxf6 7. Nf3 f5 8. Nc3 a6 9. Qe2 b5 10. 0-0-0 b4 11. Na4 Qd6 12. Nc5 Nd7 13. Nxd7 Bxd7 14. Ne5 Bf6 15. f4 Bxe5 16. Qxe5 Qxe5 17. dxe5 Bc6 18. Rg1 Bd5 19. g3 Ke7 20. Be2 a5 21. g4 fxg4 22. Rxg4 Be4 23. Rd4 Bf5 24. Rg1 Rad8 25. Rc4 Rd7 26. Rc5 Rhd8 27. h4 Kf8 28. h5 Rd4 29. Rf1 a4 30. Rxc7 b3 31. cxb3 axb3 32. a3 Bc2 33. h6 Bd3 34. Bxd3 Rxd3 35. Rc3 Ke7 36. Rc7+ Kf8 37. Rc3 Ke7 38. f5 exf5 39. Rxd3 Rxd3 40. Rxf5 Rd7 41. Rf3 Ke6 42. Rxb3 Kxe5 43. Rg3 Rd6 44. Rg7 Rxh6 45. Rxf7 Rh2 46. Kb1 h5 47. Ka2 h4 48. a4 Kd5 49. Kb3 h3 50. Rh7 Kc5 51. Rh5+ Kb6 52. Ka3 Rh1 53. Kb4 Kc6 54. a5 Rh2 55. Rh6+ Kc7 56. Ka3 Rh1 57. Ka4 Ra1+ 58. Kb5 Ra2 59. Rh7+ Kd8 60. b4 h2 61. Kb6 Rg2 62. a6 Rg6+ 63. Ka5 Rg2 64. a7 Ra2+ 65. Kb6 Kc8 66. Rxh2 1-0

[Event "Paleochora op 16th"]
[Site "Paleochora"]
[Date "2023.07.20"]
[Round "2"]
[White "Zwardon, Vojtech"]
[Black "Tsarsitalidis, Konstantinos"]
[Result "1/2-1/2"]
[WhiteElo "2486"]
[BlackElo "2149"]
[PlyCount "140"]
[EventDate "2023.07.19"]
[EventType "swiss"]
[EventRounds "9"]
[EventCountry "GRE"]
[SourceTitle "EXT 2024"]
[Source "ChessBase"]
[SourceDate "2023.10.10"]
[SourceVersion "1"]
[SourceVersionDate "2023.10.10"]
[SourceQuality "1"]

1. c4 c5 2. g3 g6 3. Bg2 Bg7 4. Nc3 Nc6 5. e3 e6 6. Nge2 Nge7 7. Nf4 d6 8. b3 0-0 9. Bb2 b6 10. 0-0 Bb7 11. Qe2 Qd7 12. Rfd1 e5 13. Nfd5 Nxd5 14. Nxd5 Ne7 15. d4 exd4 16. exd4 Rfe8 17. Qd2 Nxd5 18. cxd5 Qg4 19. Qd3 Qe2 20. Bc3 Qxd3 21. Rxd3 Ba6 22. Rd2 Rac8 23. Bf3 Rc7 24. Kg2 Rce7 25. h4 Re1 26. Rxe1 Rxe1 27. Rc2 Bf1+ 28. Kh2 Re7 29. dxc5 bxc5 30. Bxg7 Kxg7 31. g4 h6 32. Kg3 g5 33. Rc1 Bd3 34. Rd1 Bb5 35. a3 Rb7 36. Rc1 a5 37. Rc3 Kf6 38. Re3 Ra7 39. Be4 a4 40. f4 axb3 41. Rxb3 Ra4 42. fxg5+ hxg5 43. Bf3 Bc4 44. Re3 gxh4+ 45. Kxh4 Ba2 46. Kh5 Rd4 47. Kh6 Bxd5 48. g5+ Kf5 49. Bxd5 Rxd5 50. Re7 Kg4 51. Re4+ Kf5 52. Re7 Kg4 53. Re4+ Kf3 54. Re7 Rf5 55. a4 Rf4 56. a5 Rh4+ 57. Kg7 Ra4 58. Rxf7+ Kg4 59. g6 Rxa5 60. Rd7 Kf5 61. Rxd6 Ke5 62. Rd8 c4 63. Kf8 Ra1 64. g7 Rg1 65. g8Q Rxg8+ 66. Kxg8 Ke4 67. Kf7 c3 68. Ke6 c2 69. Rc8 Kd3 70. Rxc2 Kxc2 1/2-1/2